000 01588nam a2200469 c 4500
001 53494
003 ES-MaCES
005 20251115040006.0
008 250115s2024 sp 000 ||spa d
017 _aV 681-2024
_bDL
020 _a9788411833264
040 _aES-MaCES
_bspa
_cES-MaCES
245 0 0 _aExpresiones de odio en entornos digitales españoles
_b
_cAlicia Moreno-Delgado, Elias Said-Hung, Max Römer Pieretti, eds.
260 _aValencia
_bTirant Humanidades
_c2024
300 _a261 p.
_c24 cm
490 1 _aPlural
504 _aBibliografía
541 _cCompra
650 4 _amedios de comunicación de masas
_927878
650 4 _anuevas tecnologías
_930788
650 4 _acambio tecnológico
_928236
650 4 _aInternet
_930572
650 4 _aeconomía colaborativa
_937923
650 4 _adifusión de la información
_928915
650 4 _adiscriminación
_927180
650 4 _adiscriminación por razones de sexo
_929521
650 4 _aexclusión social
_930629
650 4 _asistema de valores
_929392
650 4 _acomportamiento
_927271
650 4 _aproblema social
_927044
650 4 _aproblema político
_927244
650 4 _aEspaña
_926964
650 4 _aestudio de casos
_928846
650 4 _ainvestigación interdisciplinaria
_928841
653 1 0 _aCiencias Sociales-Políticas
700 1 _941260
_aMoreno-Delgado, Alicia
_eed. lit.
700 1 _940319
_aSaid-Hung, Elias
_eed. lit.
700 1 _941261
_aRömer Pieretti, Max
_eed. lit.
830 0 _936323
_aColección Plural
902 _aLIB Libro
942 _2CES
_cBK
_h7.0.
999 _c53494
_d53494